| 000 | 00856nam a2200181 i 4500 | ||
|---|---|---|---|
| 001 | 154343 | ||
| 003 | ES-MaACL | ||
| 005 | 20230906205659.0 | ||
| 008 | 010518s1863 sp |||| | spa d | ||
| 100 | 1 |
_aGodoy Álvarez, José. _9127349 |
|
| 245 | 1 | 0 |
_aDiscurso leído en la Universidad Central en el acto solemne de recibir la investidura de doctor en Derecho Administrativo / _cpor José Godoy Álvarez. |
| 260 |
_aMadrid : _b[s.n.], _c1863 ( _fEstab. tip. de Vicente y Lavajos) |
||
| 300 |
_a26 p. ; _c24 cm. |
||
| 594 | _aTít. en antep.: "Juicio crítico sobre el tratado celebrado con Francia en 1761 llamado Tercer pacto de familia" | ||
| 651 | 4 |
_aEspaña- _xRelaciones- _zFrancia. _9146674 |
|
| 651 | 4 |
_aFrancia- _xRelaciones- _zEspaña. _9146675 |
|
| 852 | 4 |
_aES-MaACL _jT-66-F-9 _z- Enc. hol., falto de cub. original _z- Enc. en un vol. facticio |
|
| 999 |
_c154343 _d154343 |
||